000
00274nam a2200109Ia 4500
005
20251222144800.0
008
251222s9999||||xx |||||||||||||| ||spa||
082
_a
759/B11
245
0
_a
Pinturas que cambiaron el Mundo
264
_b
Random House Mondadori, S.A.
942
_c
LIB
999
_c
19704
_d
19704